Superhero Fun - Statistics

General Stats
  • This quiz has been taken 1,961 times
    1,960 since last reset
  • The average score is 12 of 15
Answer Stats
Hint Answer % Correct
"Don't make me angry, you wouldn't like it." Hulk
96%
"For the good ole stars and stripes!" Captain America
92%
"Let's have a foot race, bet I win!!" Flash
91%
"Jarvis!" Iron Man
91%
"Let's go for a swim" Aquaman
87%
"Flame on!" Human Torch
85%
"Just haaaanging around" Spiderman
82%
"Just because I wear a ring doesn't mean I'm a girl" Green Lantern
80%
"I love to get lots of sun, Earth's sun that is." Superman
78%
"It's clobbering time!" Thing
74%
"My voice is MUCH more violent once in costume" Batman
69%
"Shazam!" Captain Marvel
67%
"Put an apple on your head, and I'll William Tell it off of there...." Green Arrow
65%
"Tell me the truth or else I'll make you, well my lasso will" Wonder Woman
64%
...."so will I, but in the Marvel Universe" Hawkeye
58%
No matching quizzes found
Score Distribution
Percent of People with Each Score
Percentile by Number Answered
Your Score History
You have not taken this quiz since the last reset